000 01013cam a2200289 i 4500
001 bg
003 KOSZ 005
005 20220621075152.0
008 980713s1997 pl a f f |000 0 pol
015 _aPB 1997/17627
020 _a832081099X
035 _a(OCoLC)749912866
040 _aWA N
_cKOSZ 005/HR
_dKOSZ 005/HR
080 _a330.46
080 _a(076)
245 0 0 _aEkonometria :
_bzbiór zadań : praca zbiorowa /
_cpod red. Aleksandra Welfe ; aut. Waldemar Florczak [et al.].
260 _aWarszawa :
_bPolskie Wydaw. Ekonomiczne,
_c1997.
300 _a180 s. :
_b3 wykr. ;
_c24 cm.
504 _aBibliogr. s. 179-180.
655 4 _aĆwiczenia i zadania
650 4 _aEkonometria
710 2 _aPolskie Wydawnictwo Ekonomiczne
_4pbl.
700 1 _aWelfe, Aleksander
_d(1960- )
_eRedakcja
700 1 _aFlorczak, Waldemar
_eAutor
856 _uhttp://koha.tu.koszalin.pl/cgi-bin/koha/opac-detail.pl?biblionumber=33350
_yKatalog online BPK
942 _2UKD
_cKS
999 _c33350
_d33350